LEADER 01518nam 2200373 n 450 001 996390238303316 005 20200824121524.0 035 $a(CKB)1000000000655616 035 $a(EEBO)2240913924 035 $a(UnM)99846829e 035 $a(UnM)99846829 035 $a(EXLCZ)991000000000655616 100 $a19911111d1612 uy | 101 0 $aeng 135 $aurbn||||a|bb| 200 04$aThe white diuel, or, The tragedy of Paulo Giordano Vrsini, Duke of Brachiano$b[electronic resource] $ewith the life and death of Vittoria Corombona the famous Venetian curtizan. Acted by the Queenes Maiesties Seruants. Written by Iohn Webster 210 $aLondon $cPrinted by N[icholas] O[kes] for Thomas Archer, and are to be sold at his shop in Popes head Pallace, neere the Royall Exchange$d1612 215 $a[88] p 300 $aPartly in verse. 300 $aPrinter's name from STC. 300 $aSignatures: A² B-L⁴ M² . 300 $aRunning title reads: Vittoria Corombona. 300 $aFor printing details and variants see "Studies in bibliography" VI, p. 117-40 and VIII, p. 113-7. 300 $aReproduction of the original in the Bodleian Library. 330 $aeebo-0014 700 $aWebster$b John$f1580?-1625?$065181 801 0$bCu-RivES 801 1$bCu-RivES 801 2$bCStRLIN 801 2$bWaOLN 906 $aBOOK 912 $a996390238303316 996 $aThe white diuel, or, The tragedy of Paulo Giordano Vrsini, Duke of Brachiano$92423801 997 $aUNISA